Full Names of German Companies - Statistics

General Stats
  • This quiz has been taken 11 times
    7 since last reset
  • The average score is 4 of 15
Answer Stats
Hint Answer % Correct
VW Volkswagen
100%
BMW Bayrische Motorenwerke
67%
DB Deutsche Bahn
67%
Haribo Hans Riegel Bonn
67%
Adidas Adolf Dassler
50%
KiK Kunde ist König
17%
Milka Milch Kakao
17%
Audi August Horch
0%
BASF Badische Anilin und Soda Fabrik
0%
Edeka Einkaufsgenossenschaft der Kolonialwarenhändler
0%
Katjes (Translation of the Dutch word its based on) little kitten
0%
NKD Niedrige Kalkuliert Discount
0%
REWE Revisionsverband der Westkaufgenossenschaften
0%
Nivea (Translation of the Latin word its based on) Snow
0%
SAP Systeme, Anwendungen, Produkte
0%
No matching quizzes found
Score Distribution
Percent of People with Each Score
Percentile by Number Answered
Your Score History
You have not taken this quiz since the last reset